Daňové plánovanie právnickej osoby - spoločnosti s ručením obmedzeným

Zmapovanie možností daňového plánovania v podmienkach SR v nadväznosti na príležitosti a riziká z podvojného účtovníctva. Využívanie daňového plánovania rôznymi typmi spoločností. Návrh najefektívnejších východísk a zásad daňového plánovania spoločnosti s ručením obmedzeným.

Guardado en:
Detalles Bibliográficos
Autor principal: Micháliková, Lucia
Formato: Capítulo de libro
Lenguaje:eslovaco
Materias:
Etiquetas: Agregar Etiqueta
Sin Etiquetas, Sea el primero en etiquetar este registro!

MARC

LEADER 00000naa a2200000 4500
001 0250674
005 20220824121518.5
041 0 |a slo 
044 |a SK 
245 1 0 |a Daňové plánovanie právnickej osoby - spoločnosti s ručením obmedzeným  |c Lucia Micháliková 
520 |a Zmapovanie možností daňového plánovania v podmienkach SR v nadväznosti na príležitosti a riziká z podvojného účtovníctva. Využívanie daňového plánovania rôznymi typmi spoločností. Návrh najefektívnejších východísk a zásad daňového plánovania spoločnosti s ručením obmedzeným. 
610 2 0 |a plánovanie 
610 2 0 |a osoby právnické 
610 2 0 |a dane 
610 2 0 |a spoločnosti s r.o. 
610 2 0 |a účtovníctvo podvojné 
610 2 0 |a Slovensko 
610 2 0 |a optimalizácia daňová 
100 1 |a Micháliková, Lucia